Aryan Invasion Theory and Indian Nationalism (Record no. 12072)

MARC details
000 -LEADER
fixed length control field 00622nam a2200241 a 4500
020 ## - INTERNATIONAL STANDARD BOOK NUMBER
ISBN 8185990
082 00 - DEWEY DECIMAL CLASSIFICATION NUMBER
Classification number 294.5
Author Cutter TAL
100 ## - MAIN ENTRY--AUTHOR NAME
Author name Talageri, Shrikant G
245 ## - TITLE STATEMENT
Title Aryan Invasion Theory and Indian Nationalism
260 ## - PUBLICATION, DISTRIBUTION, ETC. (IMPRINT)
Place of publication New Delhi
Name of publisher Voice of India
Year of publication 1993
300 ## - PHYSICAL DESCRIPTION
Number of Pages 408p
500 ## - GENERAL NOTE
General note includes index and biblioraphy
505 2# - FORMATTED CONTENTS NOTE
Formatted contents note Bibliography, Index
650 ## - SUBJECT ADDED ENTRY--TOPICAL TERM
Topical Term Hinduism
942 ## - ADDED ENTRY ELEMENTS (KOHA)
Koha item type Books
700 1# -
-- Talageri, Shrikant G
Holdings
Collection code Home library Current library Date acquired Cost, normal purchase price Full call number Accession Number Koha item type
  Henry Martyn Institute Library Henry Martyn Institute Library 07/23/2007 150.00 294.5 TAL 017811 Books
                   Copyright © 2026 | Henry Martyn Institute | Hyderabad | TS-500052 | INDIA | Implemented by hmi.edu.in
Hit-Count:

Powered by Koha